00631nam a2200181 a 450000100100000000500170001000800410002704000250006810000320009324500590012526000670018430000200025149000200027183000270029104900090031895201050032799900170043200002558520200930023908.0110218s1987 dr 000 0 spa d aDO-SdBNPbspacBNPHU1 aCuadrado, P. Alfredo95226410aAspectos civiles del matrimonio /cP. Alfredo Cadrado. aSanto Domingo :bInstituto Técnico Saleciano (ITESA),c1987. a14 p. ;c22 cm.1 aPara la familia 0aPara la familia952265 aBNPD 0010718PDaPDbPDcCTd2011-02-18iLF1l0o p25585-10r2020-06-25w2020-06-25yLFPDZNo se presta c25077d25077